000 00160 a2200085 4500
041 _aeng
100 _aRuurs, Margriet
245 _aA Mountain Alphabet
942 _cBK
999 _c9823
_d9823